<?xml version="1.0" encoding="UTF-8"?>
<marc:record xmlns:marc="http://www.loc.gov/MARC21/slim">
   <marc:leader>00000nam a2200000 a 4500</marc:leader>
   <marc:datafield ind1="1" ind2=" " tag="100">
      <marc:subfield code="a">Chiba, You</marc:subfield>
      <marc:subfield code="4">aut</marc:subfield>
      <marc:subfield code="e">Verfasser/-in</marc:subfield>
   </marc:datafield>
   <marc:datafield ind1="0" ind2="0" tag="245">
      <marc:subfield code="a">MANGA DAY 24</marc:subfield>
   </marc:datafield>
   <marc:datafield ind1=" " ind2="1" tag="264">
      <marc:subfield code="b">loewe verlag gmbh</marc:subfield>
      <marc:subfield code="c">2024</marc:subfield>
   </marc:datafield>
   <marc:datafield ind1="1" ind2=" " tag="490">
      <marc:subfield code="a">Kindergarten Wars</marc:subfield>
   </marc:datafield>
   <marc:datafield ind1="1" ind2=" " tag="520">
      <marc:subfield code="a">Rita ist kalt wie Eis und bereit, jeden Preis für die Sicherheit ihrer Kinder zu bezahlen. Also, nicht ihrer eigenen Kinder, sondern die der Kita &#x84;Black&#x93;, einer exklusiven Einrichtung für die Weltelite. Dort arbeitet sie als Erzieherin, seit sie ihren Job als Profi-Killerin an den Nagel gehängt hat, und verteidigt die süßen Stöpsel mit ihrem Leben. Sie hat nur leider eine Achillesverse, ihre Schwäche für hübsche Kerle. Wird ihr das zum Verhängnis?</marc:subfield>
   </marc:datafield>
</marc:record>
